Historia de México desde los primeros movimientos que prepararon su independencia en el año de 1808 hasta la época presente : parte primera, que comprende desde el principio de las inquietudes en 1808... /

Historia de México cuyo núcleo central es la guerra de independencia, si bien abarca casi toda la primera mitad del siglo XIX, escrita por el guanajuatense Lucas Alamán y Escalada (1792-1853), figura central del panorama político mexicano decimonónico. Dividida en cinco volúmenes, la historia descri...

وصف كامل

محفوظ في:
التفاصيل البيبلوغرافية
المؤلف الرئيسي: Alamán, Lucas (autor)
مؤلفون آخرون: Aguayo Spencer, Rafael (edición) (edición), Pereyra, Carlos (dirección) (dirección), Alamán, Juan Bautista (preliminares) (preliminares)
التنسيق: كتاب
اللغة:الإسبانية
سلاسل:(Grandes Autores Mexicanos)
(Obras de Don Lucas Alamán ; 1)
الموضوعات:
الوسوم: إضافة وسم
لا توجد وسوم, كن أول من يضع وسما على هذه التسجيلة!

MARC

LEADER 00000nam^a2200000^a^4500
001 000105999
005 20250521000000.0
009 20260310093520.217
037 |a Acervo ITESO - Biblioteca 
041 |a ESP 
082 |a 972.  |b ALA V. 1 
100 |a Alamán, Lucas  |e (autor) 
240 1 1 |a [Historia de México desde los primeros movimientos que prepararon su independencia en el año de 1808 hasta la época presente] 
240 1 1 |a [Obras de don Lucas Alamán] 
245 1 0 |a Historia de México desde los primeros movimientos que prepararon su independencia en el año de 1808 hasta la época presente :  |b parte primera, que comprende desde el principio de las inquietudes en 1808... /  |c L. Alamán ; ed. de R. Aguayo Spencer ; dir. de C. Pereyra ; prelim. de J.B. Alamán. 
264 |a México :  |b Jus,  |c 1942 
300 |a XLVI, 562 p. 
336 |a texto  |b txt  |2 rdacontenido 
337 |a sin mediación  |b n  |2 rdamedio 
338 |a volumen  |b nc  |2 rdasoporte 
440 1 |a (Grandes Autores Mexicanos) 
440 1 |a (Obras de Don Lucas Alamán ;  |v 1) 
520 |a Historia de México cuyo núcleo central es la guerra de independencia, si bien abarca casi toda la primera mitad del siglo XIX, escrita por el guanajuatense Lucas Alamán y Escalada (1792-1853), figura central del panorama político mexicano decimonónico. Dividida en cinco volúmenes, la historia describe -en el primer tomo- el estado que presentaba la Nueva España en 1808, las circunstancias que favorecerían el movimiento independentista y la primera parte del alzamiento insurgente de Miguel Hidalgo. Antecede a la historia un preliminar de Juan Bautista Alamán, quien escribe los "Apuntes para la biografía del excelentísimo señor don Lucas Alamán, secretario de estado y del despacho de relaciones exteriores". 
649 |a XX 
650 |a México -  |x Historia -  |y Guerra de Independencia, 1810-1821 
650 |a México -  |x Historia -  |y Virreinato, 1535-1821 
650 |a México -  |x Historia -  |y Epoca Colonial, 1517-1821 
650 |a México -  |x Historia -  |y Siglo XIX 
650 |a México -  |x Historia -  |x Documentos 
650 |a Política -  |z México -  |x Historia 
650 |a Ministros de Estado Mexicanos -  |x Biografías 
650 |a Políticos Mexicanos -  |x Biografías 
650 |a Historiadores Mexicanos -  |x Biografías 
650 |a Alamán, Lucas 
700 |a Aguayo Spencer, Rafael  |e (edición) 
700 |a Pereyra, Carlos  |e (dirección) 
700 |a Alamán, Juan Bautista  |e (preliminares) 
910 |a Fondo Jesús Rodríguez 
920 |a Impresos - Libros 
930 |a Fondos Especiales 
905 |a 113 
901 |a 0500041969  |b IT2  |c ESP  |u 20250521 
902 |a https://opac.biblio.iteso.mx/vufind/Record/000105999